The new lexicon webster's encyclopedic dictionary of the English language. (Record no. 105765)
[ view plain ]
| 000 -LEADER | |
|---|---|
| fixed length control field | 00428nam a2200133 a 4500 |
| 005 - DATE AND TIME OF LATEST TRANSACTION | |
| control field | 20140412111414.0 |
| 008 - FIXED-LENGTH DATA ELEMENTS--GENERAL INFORMATION | |
| fixed length control field | 070717s19uu xx 00 eng d |
| 020 ## - INTERNATIONAL STANDARD BOOK NUMBER | |
| International Standard Book Number | 0717246906 |
| 050 ## - LIBRARY OF CONGRESS CALL NUMBER | |
| Classification number | REF 423 |
| Item number | We377 1995 |
| 245 ## - TITLE STATEMENT | |
| Title | The new lexicon webster's encyclopedic dictionary of the English language. |
| 260 ## - PUBLICATION, DISTRIBUTION, ETC. (IMPRINT) | |
| Place of publication, distribution, etc | USA : |
| Name of publisher, distributor, etc | Lexicon Publications, Inc, |
| Date of publication, distribution, etc | 1995. |
| 650 ## - SUBJECT ADDED ENTRY--TOPICAL TERM | |
| Topical term or geographic name as entry element | Encyclopedia- |
| General subdivision | dictionary- |
| -- | languages. |
| Withdrawn status | Lost status | Damaged status | Home library | Current library | Shelving location | Date acquired | Source of acquisition | Total Checkouts | Full call number | Barcode | Date last seen | Price effective from | Koha item type |
|---|---|---|---|---|---|---|---|---|---|---|---|---|---|
| Elizalde Library | Elizalde Library | Reference Section | 07/17/2007 | REF 423 We377 1995 | E10638 | 04/12/2014 | 04/12/2014 | Books |